000 00336nam a2200145Ia 4500
005 20240807062057.0
008 240806s9999||||xx |||||||||||||| ||eng||
041 _aeng
100 _aPandey Mainejar
245 0 _aAnamai sacha /
_cPandey Mainejar
260 _bVani Prakashan
300 _a30
650 _aGeneral Studies
942 _cBK
999 _c7708
_d7708